| 000 | 00491cam a22001931 4500 | ||
|---|---|---|---|
| 001 | sa 68018743 | ||
| 003 | DLC | ||
| 005 | 20260227112714.0 | ||
| 008 | 890510s1967 xx 000 0 beno | ||
| 010 | _asa 68018743 | ||
| 035 | _a(OCoLC)23577423 | ||
| 040 |
_aDLC _cMiU _dDLC |
||
| 050 | 0 | 0 |
_aBL1175.G47 _bR64 |
| 100 | 1 |
_aRoy, Dilip Kumar, _d1897-1980. |
|
| 245 | 1 | 0 | _aYugarshi Śrīarabinda. |
| 260 | _c[1967] | ||
| 300 |
_a15, 269 p. _c23 cm. |
||
| 600 | 1 | 0 |
_aGhose, Aurobindo, _d1872-1950. |
| 999 |
_c88617 _d88617 |
||